| 000 | 00837cam a2200301 i 4500 | ||
|---|---|---|---|
| 001 | 0000885 | ||
| 003 | DO-SdBNP | ||
| 005 | 20180216094027.0 | ||
| 007 | 0000885 | ||
| 008 | 100514s 1991 sp a | |||| 000 f spa | ||
| 015 | _a | ||
| 017 |
_a _b |
||
| 020 | _a843057252X | ||
| 035 | _a | ||
| 040 |
_aBPMSU _bspa _cBPMSU _e |
||
| 080 | _a | ||
| 245 | 0 | 4 |
_aLos animales del bosque _bpara que los conozcan los niños de 5 a 8 años / _h _cdiseño Émile Beaumont ; ilustraciones Lindsey Selley |
| 260 |
_aMadrid : _bSusaeta, _c1991. |
||
| 300 |
_a21 p.: _bil. _c30 cm. |
||
| 490 | 1 | _aZoo mundo | |
| 521 | _aA partir de 5 a 8 años. | ||
| 700 | 1 | 2 |
_aBeaumont, Émile _edis. |
| 700 | 1 | 2 |
_aSelley, Lindsey _eil. |
| 830 | 0 | _aZoo mundo | |
| 942 |
_2ddc _cBK |
||
| 945 | _aInventariado, 2018 / BT | ||
| 956 |
_aYLOCKWARD _810 _cBPMSU |
||
| 999 |
_c12322 _d12322 |
||